ბათუმის შოთა რუსთაველის სახელმწიფო უნივერსიტეტის ბიბლიოთეკა

ჩანაწერი Personal Name

ჩანაწერთა რაოდენობა, რომელიც გამოყენებულია: 1

001 - CONTROL NUMBER

  • control field: 14462

003 - CONTROL NUMBER IDENTIFIER

  • control field: GE_BSU

005 - DATE AND TIME OF LATEST TRANSACTION

  • control field: 20220721143610.0

008 - FIXED-LENGTH DATA ELEMENTS

  • fixed length control field: 220721|| aca||aabn | a|a d

040 ## - CATALOGING SOURCE

  • Original cataloging agency: GE_BSU
  • Transcribing agency: GE_BSU

100 ## - HEADING--PERSONAL NAME

  • Personal name: Melikishvili, Liana
  • Relator term: Editor

670 ## - SOURCE DATA FOUND

  • Source citation: Work cat.: (GE_BSU): Ivelashvili, Tina 14461, Religious minorities in Samtskhe-Javakheti :